|
|
|
|
| LEADER |
00602cam a2200193 7i4500 |
| 001 |
0000009352 |
| 005 |
20200611090000.0 |
| 020 |
|
|
|a 0071430024
|
| 090 |
0 |
0 |
|a RC596.04
|b . O33 2005
|
| 100 |
1 |
|
|a Oh, Chad K
|
| 245 |
1 |
0 |
|a How to live with a nut allergy
|c by Chad K. Oh and Carol Kennedy.
|
| 260 |
|
|
|a New York:
|b McGraw-Hill,
|c 2005.
|
| 300 |
|
|
|a xiii,160 p.;
|c 21 cm.
|
| 500 |
|
|
|a Includes index
|
| 650 |
0 |
0 |
|a Nuts --
|x Popular works
|
| 650 |
0 |
0 |
|a Food allergy --
|x Popular works
|
| 700 |
1 |
|
|a Kennedy, Carol
|
| 997 |
|
|
|a Health Sciences, Faculty
|
| 999 |
|
|
|a 0000012484
|b BOK
|c OPEN SHELF
|e 1st Floor, Shah Alam
|